Direito e infraestrutura : (Record no. 397)

MARC details
000 -LÍDER
Campo Fixo de Controle 00934nam a2200277 a 4500
001 - NÚMERO DE CONTROLE
Campo de Controle 397
003 - IDENTIFICAÇÃO DO NÚMERO DE CONTROLE
Campo de Controle BR-CuiBMT
005 - DATA E HORA DA ÚLTIMA ATUALIZAÇÃO
Campo de Controle 20231103160812.0
008 - DADOS FIXOS
Dados Fixos 231103b2021 mgba 000 0 por d
020 ## - INTERNATIONAL STANDARD BOOK NUMBER
Nº do ISBN 9786555182101
040 ## - AGÊNCIA CATALOGADORA
Código da Agência Catalogadora BR-CuiBMT
Agência que transcreveu o registro BR-CuiBMT
080 ## - Nº DA CLASSIFICAÇÃO DECIMAL UNIVERSAL
Nº edição CDU 2007
Nº Class. CDU 342.92
090 ## - NÚMERO DE CHAMADA
Nº classificação 342.92
Cutter D598
245 1# - TÍTULO PRINCIPAL
Título principal Direito e infraestrutura :
Subtítulo rodovias e ferrovias - 20 anos da Lei n° 10.233/2001 /
Indicação de responsabilidade Sebastião Botto de Barros Tojal , Jorge Henrique de Oliveira Souza, coordenadores ; Armando Castelar Pinheiro, prefácio.
260 ## - PUBLICAÇÃO, DISTRIBUIÇÃO, ETC.
Local de publicação Belo Horizonte :
Editora Fórum,
Data 2021.
300 ## - DESCRIÇÃO FÍSICA
N. páginas ou volumes 429 p.:
Ilustrações il.
Dimensões 22 cm
490 ## - INDICAÇÃO DE SÉRIE
Volume/designação sequencial da série v.01
504 ## - NOTA DE BIBLIOGRAFIA, ETC.
Nota de bibliografia Incluí bibliografia.
650 ## - ASSUNTO TÓPICO
Cabeçalho tópico ou nome geográfico Contrato administrativo
650 ## - ASSUNTO TÓPICO
Cabeçalho tópico ou nome geográfico Direito público
650 ## - ASSUNTO TÓPICO
Cabeçalho tópico ou nome geográfico Direito regulatório
700 ## - ENTRADA SECUNDÁRIA -- NOME PESSOAL
Cód. do termo explicativo coord.
Nome pessoal Tojal, Sebastião Botto de Barros
700 ## - ENTRADA SECUNDÁRIA -- NOME PESSOAL
Cód. do termo explicativo coord.
Nome pessoal Souza, Jorge Henrique de Oliveira
830 ## - ENTRADA SECUNDÁRIA DE SÉRIE -- TÍTULO UNIFORME
Nº do volume/designação sequencial da série 01
942 ## - ELEMENTOS DE ENTRADA ADICIONAIS (KOHA)
Fonte de classificação ou esquema de arquivamento Classificação Decimal Universal
Tipo de item do Koha Livros
Holdings
Estado: removido Estado: perdido Fonte de classificação ou esquema de arquivamento Estado: danificado Indisponível para empréstimo Localização permanente Localização atual Data de aquisição Total Checkouts Número de Chamada completo Código de barras Date last seen Número do exemplar Preço efetivo a partir de Tipo de item (Koha)
    Classificação Decimal Universal     Biblioteca da Escola Superior de Contas do TCE/MT Biblioteca da Escola Superior de Contas do TCE/MT 03/11/2023   342.92 D598 BIBTCEMT23110114 03/11/2023 Ex. 1 03/11/2023 Livros
    Classificação Decimal Universal     Biblioteca da Escola Superior de Contas do TCE/MT Biblioteca da Escola Superior de Contas do TCE/MT 03/11/2023   342.92 D598 BIBTCEMT23110115 03/11/2023 Ex. 2 03/11/2023 Livros

Powered by Koha